000 00939nam a2200253 i 4500
001 14134
003 ES-MaACL
005 20250812015653.0
007 t|
008 981007s1995 dk a |||| | spa d
020 _a929120-635-0
080 _a7.036(4-012.1)(064.3)
245 0 3 _aLa hora del norte
_b= L'hora del nord = The hour of the north : Centro Cultural del Conde Duque, 14 de marzo al 20 de abril 1995 : Generalitat de Catalunya, Pia Almoina, Pla de la Seu, Barcelona 25 de maig al 9 de juliol 1995.
260 _aCopenhague :
_bConsejo Nórdico de Ministros,
_c1995.
300 _a170 p. :
_bil. ;
_c27 cm.
650 4 _aArte escandinavo-
_vExposiciones
_910188
655 7 _2tgfbne
_9193628
_aCatálogos de exposiciones
710 2 _aCentro Cultural del Conde Duque.
_92579
740 2 2 _aL'hora del nord.
740 4 2 _aThe hour of the north.
852 _aES-MaACL
_jL-21468
942 _2udc
999 _c14134
_d14134